00702nam a2200157 a 450000100100000000500170001000800410002704000250006811000770009324501100017026000540028030000200033404900090035495201640036399900170052700003106620200930062701.0110613s1940 dr 000 0 spa d aDO-SdBNPbspacBNPHU1 aRepública DominicanabSecretaría de Estado de comunicanciones95754410aReglamento interior y reglamento para el regimen interior de la Secretaría de Estado de comunicaciones. aSanto Domingo :bImp. J. R. vda. García,c1940. a18 p. ;c23 cm. aBNPD 001050718RVaPDbPDcHDd2011-06-13iLF1l0o p31066-10r2020-06-25w2020-06-25y1zPerteneció a la biblioteca personal de Martínez Boog.ZNo se presta c30558d30558